000 00628nam a22001697a 4500
005 20240122094740.0
008 240122b |||||||| |||| 00| 0 eng d
020 _a0409003301 ; 0409003921
041 _aEnglish
082 _a349 JOU
100 _aJoubert, WA and Scott. TJ
_lEnglish
245 _aThe Law of South Africa : Welfare and Wills and Succession, Administration of Deceased Estates and Trusts /
_cWA Joubert and TJ Scott
260 _aDurban :
_bButterworth Publishers (Pty) Ltd,
_c1988
300 _b353 pages ;
_c26,5 cm.
650 _aLegal practice
_bLaw
942 _cBK
_6ALISON_BN_VRIES
999 _c1267
_d1267